000 00586nam a2200169 a 4500
008 070213s1998 ||||||||||||||||| || u
020 _a1860581757
050 _aTJ 157 Mat.
100 _aMathews, Clifford
245 1 0 _aEngineer's data book
260 _aLondon
_bProfessional Engineering
_c1998
300 _axiv , 177p. :ill.
350 _a0.00
650 _aENGINEERING
650 _aMECHANICAL ENGINEERING--HANDBOOKS, MANUALS, ETC
995 _D0.00
_FCBU-MAIN LIBRARY (Kitwe)
_H1
_I0.00
_M1
_UREFERENCE
_WFeb 13, 2007
_ZReference Collection
999 _c42007
_d42007